Derecho societario argentino e iberoamericano (Registro nro. 3418)

Detalles MARC
000 -LEADER
fixed length control field 01169 a2200265 4500
001 - CONTROL NUMBER
control field 41199
005 - DATE AND TIME OF LATEST TRANSACTION
control field 20260407155706.0
008 - FIXED-LENGTH DATA ELEMENTS--GENERAL INFORMATION
fixed length control field 260407a1996 arg spa d
003 - CONTROL NUMBER IDENTIFIER
control field AR-UNSa-BCEJYS
040 ## - CATALOGING SOURCE
Original cataloging agency AR-UNSa-BCEJYS
Language of cataloging spa
Transcribing agency AR-UNSa-BCEJYS
080 ## - UNIVERSAL DECIMAL CLASSIFICATION NUMBER
Universal Decimal Classification number 347.72
Common auxiliary subdivision Sociedades comerciales
020 ## - INTERNATIONAL STANDARD BOOK NUMBER
International Standard Book Number 950-894-019-0
041 ## - LANGUAGE CODE
Language code of text/sound track or separate title spa
100 1# - MAIN ENTRY--PERSONAL NAME
Personal name Congreso Argentino de Derecho Societario (6º : 1995 nov. 2-4 : Mar del Plata, Argentina)
245 10 - TITLE STATEMENT
Title Derecho societario argentino e iberoamericano
Name of part/section of a work VI Congreso argentino de derecho societario ; II Congreso Iberoamericano de derecho societario y de la empresa
264 #1 - PRODUCTION, PUBLICATION, DISTRIBUTION, MANUFACTURE, AND COPYRIGHT NOTICE
Place of production, publication, distribution, manufacture Buenos Aires :
Name of producer, publisher, distributor, manufacturer AD-HOC
Date of production, publication, distribution, manufacture, or copyright notice 1996
300 ## - PHYSICAL DESCRIPTION
Extent 318 p.
Dimensions 23 cm.
505 ## - FORMATTED CONTENTS NOTE
Formatted contents note Vol. IV: 1. Últimas ponencias - 2. Desarrollo del Congreso - 3. Conclusiones
590 ## - LOCAL NOTE (RLIN)
Local note niveau_biblio:m niveau_hierar:0
700 1# - ADDED ENTRY--PERSONAL NAME
Personal name Congreso Iberoamericano de Derecho Societario y de la Empresa (2º : 1995 nov. 2-4 : Mar del Plata, Argentina)
700 1# - ADDED ENTRY--PERSONAL NAME
Personal name Favier Dubois, Eduardo Mario (h)
700 1# - ADDED ENTRY--PERSONAL NAME
Personal name Nissen, Ricardo Augusto
856 41 - ELECTRONIC LOCATION AND ACCESS
Uniform Resource Identifier <a href="https://biblioeco.unsa.edu.ar/pmb/images/libros/L126428.jpg">https://biblioeco.unsa.edu.ar/pmb/images/libros/L126428.jpg</a>
Link text Imagen de portada
Electronic format type image/jpeg
942 ## - ADDED ENTRY ELEMENTS (KOHA)
Koha item type
Existencias
Withdrawn status Lost status Damaged status Not for loan Home library Current library Shelving location Date acquired Total checkouts Full call number Barcode Date last seen Price effective from Koha item type
        Biblioteca Prof. Eusebio Cleto del Rey Biblioteca Prof. Eusebio Cleto del Rey   07/04/2026   347.72 C749 v.4 L126428 07/04/2026 07/04/2026 Libro
        Biblioteca Prof. Eusebio Cleto del Rey Biblioteca Prof. Eusebio Cleto del Rey   07/04/2026   347.72 C749 v.4 L126454 07/04/2026 07/04/2026 Libro